The management coach (Record no. 82420)
[ view plain ]
| 000 -LEADER | |
|---|---|
| fixed length control field | 01123nam a2200217 a 4500 |
| 008 - FIXED-LENGTH DATA ELEMENTS--GENERAL INFORMATION | |
| fixed length control field | 160608s2014 ||||||||||||||||| || u |
| 020 ## - INTERNATIONAL STANDARD BOOK NUMBER | |
| International Standard Book Number | 9781471801563 |
| 050 ## - LIBRARY OF CONGRESS CALL NUMBER | |
| Classification number | HF 5385 Sla |
| 100 ## - MAIN ENTRY--PERSONAL NAME | |
| Personal name | Slater, Rus |
| 245 14 - TITLE STATEMENT | |
| Title | The management coach |
| Statement of responsibility, etc. | By Rus,Slater. |
| 260 ## - PUBLICATION, DISTRIBUTION, ETC. | |
| Place of publication, distribution, etc. | London |
| Name of publisher, distributor, etc. | Hodder & Stoughton |
| Date of publication, distribution, etc. | 2014 |
| 300 ## - PHYSICAL DESCRIPTION | |
| Extent | x, 226p.: ill. |
| 350 ## - | |
| -- | 16.99 |
| 650 #0 - SUBJECT ADDED ENTRY--TOPICAL TERM | |
| Topical term or geographic name entry element | MANAGEMENT |
| 650 ## - SUBJECT ADDED ENTRY--TOPICAL TERM | |
| Topical term or geographic name entry element | MENTORING IN BUSINESS |
| 650 ## - SUBJECT ADDED ENTRY--TOPICAL TERM | |
| Topical term or geographic name entry element | EMPLOYEES--COACHING OF |
| 995 ## - | |
| -- | MAIN LIBRARY OPEN ACCESS |
| -- | 745839 |
| -- | CBU-MAIN LIBRARY (Kitwe) |
| -- | 16.99 |
| -- | HF 5385 Sla |
| -- | 1 |
| -- | AVAILABLE |
| -- | Jul 21, 2016 |
| -- | 745839 |
| -- | Main Library Open Access Collection |
| 995 ## - | |
| -- | MAIN LIBRARY OPEN ACCESS |
| -- | 745840 |
| -- | CBU-MAIN LIBRARY (Kitwe) |
| -- | 16.99 |
| -- | HF 5385 Sla |
| -- | 2 |
| -- | AVAILABLE |
| -- | Jul 21, 2016 |
| -- | 745840 |
| -- | Main Library Open Access Collection |
| 995 ## - | |
| -- | ANNEX COLLECTION (Main Library) |
| -- | 745842 |
| -- | CBU-MAIN LIBRARY (Kitwe) |
| -- | 16.99 |
| -- | HF 5385 Sla |
| -- | 4 |
| -- | AVAILABLE |
| -- | Jul 21, 2016 |
| -- | 745842 |
| -- | Annex Low-Usage Collection |
| 995 ## - | |
| -- | ANNEX COLLECTION (Main Library) |
| -- | 745841 |
| -- | CBU-MAIN LIBRARY (Kitwe) |
| -- | 16.99 |
| -- | HF 5385 Sla |
| -- | 3 |
| -- | AVAILABLE |
| -- | Jul 21, 2016 |
| -- | 745841 |
| -- | Annex Low-Usage Collection |
| 999 ## - | |
| -- | 82420 |
| -- | 82420 |
| Withdrawn status | Lost status | Source of classification or shelving scheme | Damaged status | Not for loan | Permanent Location | Current Location | Shelving location | Date acquired | Total Checkouts | Full call number | Barcode | Checked out | Date last seen | Date last checked out | Copy number | Price effective from | Koha item type |
|---|---|---|---|---|---|---|---|---|---|---|---|---|---|---|---|---|---|
| CBU-MAIN LIBRARY, KITWE. | CBU-MAIN LIBRARY, KITWE. | 09/27/2023 | 1 | HF 5385 Sla | 745839 | 02/04/2026 | 01/21/2026 | 01/21/2026 | 1 | 09/27/2023 | MONOGRAPH | ||||||
| CBU-MAIN LIBRARY, KITWE. | CBU-MAIN LIBRARY, KITWE. | 09/27/2023 | 1 | HF 5385 Sla | 745840 | 02/04/2026 | 01/21/2026 | 01/21/2026 | 2 | 09/27/2023 | MONOGRAPH | ||||||
| CBU-MAIN LIBRARY, KITWE. | CBU-MAIN LIBRARY, KITWE. | 09/27/2023 | HF 5385 Sla | 745842 | 09/27/2023 | 3 | 09/27/2023 | MONOGRAPH | |||||||||
| CBU-MAIN LIBRARY, KITWE. | CBU-MAIN LIBRARY, KITWE. | 09/27/2023 | HF 5385 Sla | 745841 | 09/27/2023 | 4 | 09/27/2023 | MONOGRAPH |